000 00513nam a2200205Ia 4500
005 20250425161947.0
008 250425s9999 xx 000 0 und d
020 _a842399201
041 _aspa
082 _a463
245 0 _aDICCIONARIO DE LA LENGUA ESPAÑOLA : H - Z
250 _a21A ED.
260 _aEspaña
_bESPASA CALPE
_c1992
260 _aMADRID
300 _a1077
500 _aCONTIENE TOMO 1 DE LA A-G Y EL TOMO 2 H-Z
650 _aDICCIONARIOS-ESPAÑOL
942 _c01
010 _a37368
999 _c219688
_d219688